Кодирование функций в устройстве для оптимизации момента инжекции в бетатроне; Известия Томского политехнического института [Известия ТПИ]; Т. 208

Dades bibliogràfiques
Parent link:Известия Томского политехнического института [Известия ТПИ]/ Томский политехнический институт (ТПИ).— , 1944-1976
Т. 208.— 1974.— [С. 83-86]
Autor principal: Рябухин В. Л.
Sumari:Заглавие с титульного листа
Электронная версия печатной публикации
Idioma:rus
Publicat: 1974
Matèries:
Accés en línia:Черно-белая версия для предварительного просмотра
Цветная версия без потери качества
Format: MixedMaterials Electrònic Capítol de llibre
KOHA link:https://koha.lib.tpu.ru/cgi-bin/koha/opac-detail.pl?biblionumber=224160

MARC

LEADER 00000nla2a2200000 4500
001 224160
005 20231031200338.0
035 |a (RuTPU)RU\TPU\book\244448 
035 |a RU\TPU\book\244444 
090 |a 224160 
100 |a 20121019d1974 k y0rusy50 ca 
101 0 |a rus 
102 |a RU 
135 |a drnn ---uucaa 
181 0 |a i  
182 0 |a b 
200 1 |a Кодирование функций в устройстве для оптимизации момента инжекции в бетатроне  |b Электронный ресурс  |f В. Л. Рябухин 
203 |a Текст  |c электронный 
215 |a 2 файла (191 Кб, 4.1 Мб) 
230 |a Электронные текстовые данные (2 файла : 191 Кб, 4.1 Мб) 
300 |a Заглавие с титульного листа 
300 |a Электронная версия печатной публикации 
320 |a [Библиогр.: с. 86 (2 назв.)] 
337 |a Adobe Reader 
461 1 |0 (RuTPU)RU\TPU\book\200995  |t Известия Томского политехнического института [Известия ТПИ]  |f Томский политехнический институт (ТПИ)  |d 1944-1976 
463 1 |0 (RuTPU)RU\TPU\book\244425  |t Т. 208  |v [С. 83-86]  |d 1974  |p 130 с. 
610 1 |a электронный ресурс 
610 1 |a труды учёных ТПУ 
700 1 |a Рябухин  |b В. Л. 
801 1 |a RU  |b 63413507  |c 20090320  |g PSBO 
801 2 |a RU  |b 63413507  |c 20121204  |g PSBO 
856 4 |u http://www.lib.tpu.ru/fulltext/v/Bulletin_TPU/1974/v208/16_bw.pdf  |z Черно-белая версия для предварительного просмотра 
856 4 |u http://www.lib.tpu.ru/fulltext/v/Bulletin_TPU/1974/v208/16_full.pdf  |z Цветная версия без потери качества 
942 |c CF